25 Countries I Wanted to Visit the Most in Over Time - Statistics

General Stats
  • This quiz has been taken 46 times
    8 since last reset
  • The average score is 28 of 36
Answer Stats
# Country % Correct
11 Argentina
100%
13 Brazil
100%
23 Egypt
100%
2 France
100%
3 Italy
100%
9 Japan
100%
16 South Korea
100%
5 Spain
100%
25 United Kingdom
100%
7 Australia
86%
21 Indonesia
86%
25 Malaysia
86%
15 Morocco
86%
6 New Zealand
86%
25 Peru
86%
10 Portugal
86%
14 South Africa
86%
24 Taiwan
86%
4 Thailand
86%
9 Turkey
86%
17 United Arab Emirates
86%
19 Vietnam
86%
18 Greece
71%
1 Israel
71%
14 Maldives
71%
24 Norway
71%
8 Philippines
71%
21 Bahamas
57%
22 Kenya
57%
18 Tanzania
57%
10 Costa Rica
43%
22 Croatia
43%
23 Cyprus
43%
12 Fiji
43%
20 Malta
43%
22 Mauritius
29%
No matching quizzes found
Score Distribution
Percent of People with Each Score
Percentile by Number Answered
Your Score History
You have not taken this quiz since the last reset